000 00291 a2200133 4500
001 194839
040 _cMagnum
100 _aRio, João
240 1 0 _aA alma encantadora das ruas
_lpor
245 1 0 _aA alma encantadora das ruas
300 _a111
697 _aLITERATURA GERAL
942 _cBK
999 _c194839
_d194839